Evaluación de riesgos laborales en materia de higiene y seguridad, según el Acuerdo Ministerial JCHG-000-08-09 para el edificio La Merced, ubicado en la ciudad de Managua
El presente estudio tiene como objetivo principal realizar una evaluación de riesgos laborales en materia de higiene y seguridad por puesto de trabajo, esto permite analizar, evaluar e implementar acciones de control de riesgos, reduciendo los factores de riesgos que pueden perjudicar al trabajador...
| Main Authors: | , , |
|---|---|
| Other Authors: | |
| Format: | Tesis Section = Libro |
| Language: | Undetermined Spanish |
| Published: |
Managua
UNI
2019
|
| Subjects: |
| LEADER | 01341nam a2200277Ia 4500 | ||
|---|---|---|---|
| 008 | 240830s9999 xx 000 0 und d | ||
| 040 | |a BIBLIOTECA-RUPAP Mon 658.38 L 585 | ||
| 041 | |a spa | ||
| 082 | |a Mon 658.38 L 585 | ||
| 100 | 1 | |a León Noguera, María Clarisa | |
| 100 | 1 | |b Miranda Méndez, Blanca Cristina | |
| 100 | 1 | |c Robleto Sánchez, Elizabeth de los Ángeles | |
| 245 | 1 | 0 | |a Evaluación de riesgos laborales en materia de higiene y seguridad, según el Acuerdo Ministerial JCHG-000-08-09 para el edificio La Merced, ubicado en la ciudad de Managua |
| 260 | |a Managua |b UNI |c 2019 | ||
| 300 | |a 410 p. :il. | ||
| 500 | |a Contiene: anexos y CD. | ||
| 502 | |a Tesis (Ingeniero Industrial)- UNI, 2019. | ||
| 520 | 3 | |a El presente estudio tiene como objetivo principal realizar una evaluación de riesgos laborales en materia de higiene y seguridad por puesto de trabajo, esto permite analizar, evaluar e implementar acciones de control de riesgos, reduciendo los factores de riesgos que pueden perjudicar al trabajador en las instalaciones del edificio La Merced. | |
| 650 | 7 | |a SEGURIDAD INDUSTRIAL | |
| 650 | 7 | |b SEGURIDAD OCUPACIONAL | |
| 650 | 7 | |c ACCIDENTES DE TRABAJO-PREVENCION | |
| 650 | 7 | |d ENFERMEDADES PROFESIONALES | |
| 700 | 1 | |a Tutor: |b Fuentes Espinoza, Oscar | |
| 942 | |c BK |2 ddc | ||
| 991 | |a TESIS | ||
| 999 | |c 17128 | ||